Statistics for Biggest Trading Partners - Estonia

Click here to take the quiz!

General Stats

  • This quiz has been taken 169 times
  • The average score is 17 of 19

Answer Stats

ExportsImportsCountry% Correct
1.46 bil1.57 bilLatvia
99%
0.98 bil1.74 bilLithuania
99%
0.97 bil1.55 bilRussia
99%
2.62 bil2.27 bilFinland
98%
1.01 bil1.82 bilGermany
98%
1.69 bil1.69 bilSweden
98%
0.61 bilNorway
97%
0.33 bil0.41 bilUnited Kingdom
97%
0.19 bil0.73 bilChina
96%
0.42 bil1.14 bilPoland
96%
0.35 bil0.39 bilFrance
94%
0.25 bilSpain
94%
0.67 bil0.36 bilDenmark
93%
1.10 bilUnited States of America
93%
0.45 bilItaly
90%
0.54 bil0.75 bilNetherlands
89%
0.31 bil0.38 bilBelgium
86%
0.31 bilBelarus
80%
0.30 bilCzechia
49%

Score Distribution

Percentile by Number Answered

Percent of People with Each Score

Your Score History

You have not taken this quiz